Histoire de L´Admirable Don Quichotte de la Manche (Record no. 2813)

MARC details
000 -CABECERA
campo de control de longitud fija 01842nam a2200325 a 4500
001 - NÚMERO DE CONTROL
campo de control BRCA_3077
005 - FECHA Y HORA DE LA ÚLTIMA TRANSACCIÓN
campo de control 20190320204111.0
008 - DATOS DE LONGITUD FIJA--INFORMACIÓN GENERAL
campo de control de longitud fija 270109s1824----fr-a---###---#000-0#fre-u
041 ## - CÓDIGO DE LENGUA
Código de lengua del texto/banda sonora o título independiente fre
044 ## - CÓDIGO DEL PAÍS DE LA ENTIDAD EDITORA/PRODUCTORA
Código MARC del país fr
084 ## - OTRO NÚMERO DE CLASIFICACIÓN
Número de clasificación 384
Número de documento/Ítem .D456
-- 1824
100 1# - ENTRADA PRINCIPAL--NOMBRE DE PERSONA
Nombre de persona Cervantes Saavedra, Miguel de
Fechas asociadas al nombre 1547-1616
9 (RLIN) 213
245 10 - MENCIÓN DE TÍTULO
Título Histoire de L´Admirable Don Quichotte de la Manche
Mención de responsabilidad, etc. Miguel de Cervantes Saavedra.
260 ## - PUBLICACIÓN, DISTRIBUCIÓN, ETC.
Lugar de publicación, distribución, etc. París
Nombre del editor, distribuidor, etc. Delongchamps
Fecha de publicación, distribución, etc. 1824
300 ## - DESCRIPCIÓN FÍSICA
Extensión 10 v.
Otras características físicas il.
Dimensiones 14 cm.
500 ## - NOTA GENERAL
Nota general Contenido : v 1. Primera parte. Retrato de Cervantes por Choquet. Texto. -- v 2. Texto. -- v 3. Texto. -- v 4. Segunda parte. Texto. -- v 5. Texto. -- v 6. Texto. -- v 7. Texto. Primera parte de la continuación del Quijote por el traductor. Texto. -- v 8. Texto. Segunda parte de la continuación del Quijote por el traductor. Texto. -- v 9. Texto. -- v 10. Texto
500 ## - NOTA GENERAL
Nota general Edición : Traduite de l´Espagnol de Michel de Ceevantes par Filleau de Saint-Martin
500 ## - NOTA GENERAL
Nota general Edición de surtido, bien impresa en buen papel y tipo de letra claro. Va adornada con varias láminas de mediana calidad, dibujada por Choquet. Aparece en él un Cervantes muy joven, con el no tiene nada de europeo y sí mucho de africano. Piel; lomos adornados con dorados Lúdovik Osterc
500 ## - NOTA GENERAL
Nota general Estado físico : El volumen tres de esta edición presenta el lomo desprendido
500 ## - NOTA GENERAL
Nota general QM305
546 ## - NOTA DE LENGUA/LENGUAJE
Nota de lengua/lenguaje Texto en : francés
650 14 - PUNTO DE ACCESO ADICIONAL DE MATERIA--TÉRMINO DE MATERIA
Término de materia o nombre geográfico como elemento de entrada Novela española
Subdivisión cronológica Época clásica, 1500-1700
9 (RLIN) 215
650 14 - PUNTO DE ACCESO ADICIONAL DE MATERIA--TÉRMINO DE MATERIA
Término de materia o nombre geográfico como elemento de entrada Literatura española
Subdivisión cronológica Época clásica, 1500-1700
9 (RLIN) 216
650 14 - PUNTO DE ACCESO ADICIONAL DE MATERIA--TÉRMINO DE MATERIA
Término de materia o nombre geográfico como elemento de entrada Novela española
Subdivisión cronológica Siglo XVII
9 (RLIN) 217
650 14 - PUNTO DE ACCESO ADICIONAL DE MATERIA--TÉRMINO DE MATERIA
Término de materia o nombre geográfico como elemento de entrada Don Quijote (Personaje ficticio)
Término indicativo de función/relación Novela
9 (RLIN) 218
700 1# - PUNTO DE ACCESO ADICIONAL--NOMBRE DE PERSONA
Nombre de persona Saint-Martin, Francois Filleau de
Fechas asociadas al nombre 1632-1695
Término indicativo de función/relación Traductor
9 (RLIN) 8407
740 0# - PUNTO DE ACCESO ADICIONAL--TÍTULO RELACIONADO O ANALÍTICO NO CONTROLADO
Título relacionado o analítico no controlado El Ingenioso Hidalgo Don Quijote de la Mancha
902 ## - CATALOGADOR
Iniciales QFM
942 ## - ELEMENTOS DE PUNTO DE ACCESO ADICIONAL (KOHA)
Fuente del sistema de clasificación o colocación Library of Congress Classification
Tipo de ítem Koha Libros
Holdings
Estado de retiro Estado de pérdida Estado dañado No para préstamo Localización permanente Ubicación/localización actual Fecha de adquisición Número de inventario Total de préstamos Signatura topográfica completa Código de barras Fecha visto por última vez Precio válido a partir de Tipo de ítem Koha
El ejemplar forma parte de la colección y puede ser consultado según las políticas vigentes.       Biblioteca del Museo Franz Mayer (Rogerio Casas-Alatriste) Biblioteca del Museo Franz Mayer (Rogerio Casas-Alatriste) 27/01/2009 QM305   384 .D456 1824 (QM305) 3074 22/03/2019 22/03/2019 Libros